000 00574cam a22002053a 4500
001 41587
003 PGUSA
005 20140828083935.0
008 121209s2012||||xxu|||||s|||||000 | eng d
040 _aPGUSA
_beng
042 _adc
100 1 _aBenedek, Elek,
_d1859-1929
245 1 0 _aTestamentum és Hat levél
_h[electronic resource] /
_cElek Benedek
260 _bProject Gutenberg,
_c2012
506 _aPublic domain in the USA.
516 _aElectronic text
830 0 _aProject Gutenberg
_v41587
856 4 0 _uhttp://www.gutenberg.org/ebooks/41587
942 _cEB
999 _c270839
_d270839